On univariate time series methods and simultaneous equation econometric models (Registro nro. 26109)
[ vista simple ]
| 000 -LEADER | |
|---|---|
| fixed length control field | 00361 a2200109 4500 |
| 001 - CONTROL NUMBER | |
| control field | ART_12125 |
| 005 - DATE AND TIME OF LATEST TRANSACTION | |
| control field | 20260410161903.0 |
| 008 - FIXED-LENGTH DATA ELEMENTS--GENERAL INFORMATION | |
| fixed length control field | 260409a |
| 100 1# - MAIN ENTRY--PERSONAL NAME | |
| Personal name | Palm, Franz |
| 245 10 - TITLE STATEMENT | |
| Title | On univariate time series methods and simultaneous equation econometric models |
| 773 0# - HOST ITEM ENTRY | |
| Title | Journal of econometrics |
| Related parts | - Vol. 5, Nº 3 (may. 1977) |
| Record control number | REV11720 |
No hay ítems disponibles.